London office market analysis (Record no. 79056)
[ view plain ]
| 000 -LEADER | |
|---|---|
| fixed length control field | 01221cam a22002175a 4500 |
| 001 - CONTROL NUMBER | |
| control field | L139606 |
| 008 - FIXED-LENGTH DATA ELEMENTS--GENERAL INFORMATION | |
| fixed length control field | 070425e20070728xxkd f s 000 0 eng d |
| 035 ## - SYSTEM CONTROL NUMBER | |
| System control number | (Sirsi) u139606 |
| 041 0# - LANGUAGE CODE | |
| Language code of text/sound track or separate title | eng |
| 110 2# - MAIN ENTRY--CORPORATE NAME | |
| Corporate name or jurisdiction name as entry element | Estates Gazette |
| 9 (RLIN) | 298 |
| 245 00 - TITLE STATEMENT | |
| Title | London office market analysis |
| Remainder of title | issue 2 Apr-Jun 2007 |
| 260 ## - PUBLICATION, DISTRIBUTION, ETC. | |
| Date of publication, distribution, etc. | 2007 |
| 490 #0 - SERIES STATEMENT | |
| Series statement | Estates Gazette |
| Volume/sequential designation | (0716) 28 July 2007, 65-82(18) |
| 490 #0 - SERIES STATEMENT | |
| Series statement | Estates Gazette London Office Market Analysis |
| Volume/sequential designation | issue 2 Jan-Mar 2007, 1-17(18) |
| 520 ## - SUMMARY, ETC. | |
| Summary, etc. | Discusses take up, supply, availability rates, asking rents and construction trends for various locations within London. Reports that the disappointing start to 2007 continued into the second quarter until a flurry of activity drove take up levels upwards. A rise was seen across all markets except the West End and Midtown. This was the best performing second quarter since 2001. Tables show top London occupiers, the central London agents market share league, agents market share by market, key transactions and summary statistics. |
| 590 ## - LOCAL NOTE (RLIN) | |
| Local note | KA |
| 650 24 - SUBJECT ADDED ENTRY--TOPICAL TERM | |
| Topical term or geographic name entry element | ESTATES GAZETTE LONDON OFFICES MARKET ANALYSIS |
| 651 #4 - SUBJECT ADDED ENTRY--GEOGRAPHIC NAME | |
| Geographic name | London |
| 690 ## - LOCAL SUBJECT ADDED ENTRY--TOPICAL TERM (OCLC, RLIN) | |
| Topical term or geographic name as entry element | PROPERTY-COMMERCIAL PROPERTY-OFFICE PROPERTY-OFFICE PROPERTY MARKET |
| 942 ## - ADDED ENTRY ELEMENTS (KOHA) | |
| Suppress in OPAC | 0 |
| Withdrawn status | Lost status | Source of classification or shelving scheme | Damaged status | Not for loan | Home library | Current library | Shelving location | Date acquired | Total Checkouts | Full call number | Barcode | Date last seen | Copy number | Price effective from | Koha item type |
|---|---|---|---|---|---|---|---|---|---|---|---|---|---|---|---|
| Dewey Decimal Classification | London | London | Journal article | 31/07/2007 | L139606 | 139606-1001 | 06/08/2019 | 1 | 06/08/2019 | Journal article |